000 01287nam a2200277 a 4500
005 20240305165401.0
007 cr |||||||||||
008 121016s2011 sp |||||| 000 ||spa|c
020 _a8415454880
035 _a6344
040 _avLex
090 _c3500
_d3500
100 1 _aPalomar Olmeda, Alberto
245 1 0 _aTitulaciones y regulación del ejercicio profesional en el deporte
_h[Recurso electrónico] :
_bbases y perspectivas
_cAlberto Palomar Olmeda, Julián Espartero Casado
256 _aServicio en línea
260 _aMadrid :
_bDykinson,
_c2011
300 _a1 recurso electrónico (405 p.)
506 1 _aContenido solo disponible en los productos indicados
_dvLex Global
_dvLex Global (Academic Edition, excluding Law Schools)
_dvLex Global (U.S. Academic Edition, Law Schools)
_dvLex Global (U.S. Academic Edition, excluding Law Schools)
_dvLex Global (Academic Edition, Law Schools)
650 4 _aEducación física
_xDerecho
_zEspaña
650 4 _aDeportistas
_xSituación legal
_zEspaña
655 4 _aLlibres electrònics
700 1 _aEspartero Casado, Julián
740 0 _avLex Libros (Servicio en línea)
856 4 0 _uhttps://app.vlex.com/#/sources/titulaciones-regulacion-ejercicio-profesional-deporte-bases-perspectivas-6344
942 _cRAA
999 _c161890
_d161890